000 00285nam a22001337a 4500
008 170216b xxu||||| |||| 00| 0 eng d
020 _a1574392565
041 _aeng
080 _a615
100 _a5
101 _aSHF
245 _aDRUG FACTS COMPARISONS
_cBORGSDORF
942 _2udc
_cBK
999 _c5723
_d5723